| 000 | 004670000a22001690004500 | ||
|---|---|---|---|
| 003 | MACL | ||
| 005 | 20160112124138.0 | ||
| 008 | 160112b xxu||||| |||| 00| 0 eng d | ||
| 040 |
_aMACL _cMACL |
||
| 041 | _aEnglish | ||
| 082 | _a923.1/DAS | ||
| 100 |
_aDass, Diwan Jarmani _914336 |
||
| 245 |
_aMaharaja _bLives and Loves and Intrigues of Indian princes |
||
| 260 |
_bAllied Publishers _c1969 _aNew Delhi |
||
| 650 |
_aBiography _931154 |
||
| 942 |
_cBK _k923.1/DAS _2ddc |
||
| 999 |
_c37264 _d37264 |
||